Hell's Kitchen Season 9 Contestants - Statistics

General Stats
  • This quiz has been taken 10 times
  • The average score is 15 of 18
Answer Stats
Places Names % Correct
3rd Elise Wims
100%
6th Elizabeth Bianchi
100%
9th Jamie Gregorich
100%
7th Natalie Blake
100%
1st Paul Niedermann
100%
4th Tommy Stevens
100%
2nd Will Lustberg
100%
15th Amanda Colello
80%
16th Brendan Heavey
80%
13th Gina Melcher
80%
14th Hee Jun "Chino" Chang
80%
18th Jason Zepaltas
80%
5th Jennifer Normant
80%
11th Krupa Patel
80%
17th Steven Paluba
80%
8th Carolina "Carrie" Keep
60%
12th Monterray Keys
60%
10th Jonathon Plumley
40%
No matching quizzes found
Score Distribution
Percent of People with Each Score
Percentile by Number Answered
Your Score History
You have not taken this quiz